01376nam a22001697a 4500999001900000008004100019100003300060245008300093260004600176300003200222520067000254650010300924773004601027906001901073942000701092952010701099 c520632d520632220928b ||||| |||| 00| 0 eng d aKakati, Bhaskar Kumar934604 aGaon panchayat, tribal women and their participation: A case of Tiwas of Assam aIndian Journal of Public Administration  a68(2), Jun, 2022: p.285-298 aPanchayati Raj Institutions, the three-tier institutions of local self-governing institutions that stand at the bottom, are found in rural areas in all states of India except in the Sixth Schedule areas formed under the Indian Constitution. The genesis of India’s local governance can be traced back to ancient times. However, these institutions got their present shape and structure after a series of reform studies resulted in several Acts and constitutional amendments. In this article, an attempt has been made to understand and analyse the impact of tribal women’s participation in the local governing institutions among the Tiwas of Assam. – Reproduced  aPRIs, Attendance, Party affiliation, Community affiliation, Patriarchy., Tribal development933465 aIndian Journal of Public Administration  aTRIBES - INDIA cAR 00102ddc40709394689aIIPAbIIPAd2022-09-28h68(2), Jun, 2022: p.285-298pAR127215r2022-09-28yAR